000 00644nam a22002417a 4500
003 UA-OsUOA
001 65701
007 ta
008 20091207b un ||||| |||| 00| 0 ukr d
100 _aО'Коннор-Вілінська В.
090 _a821.161.2
_bО-11
942 _cBK
040 _aUA-OsUOA
_bukr
_cUA-OsUOA
_dUA-OsUOA
245 _aНа еміграції
_bРоман
300 _a232 с.
955 _a2
041 _aukr
080 _a821.161.2
020 _a966-603-383-6
260 _aЛьвів
_bСвіт
_c2005
650 7 _a82 Література. Літературознавство
_2UDC
999 _c351886
_d351886